000 00840nam a22002657a 4500
003 UA-OsUOA
001 87691
007 ta
008 20120921b un ||||| |||| 00| 0 ukr d
100 _aСоколов А.В.
090 _a659.4(075.8)
_bС59
942 _cBK
040 _aUA-OsUOA
_brus
_cUA-OsUOA
_dUA-OsUOA
245 _aСоциальные коммуникации
_bУчебно-методическое пособие
300 _a161 с.
955 _a0
041 _arus
080 _a659.4(075.8)
020 _a5-88283-046-Х
260 _aМосква
_bИПО Профиздат
_c2003
246 3 1 _a2
_n
044 _aRU
650 7 _a659 Реклама. Система інформації. Громадська інформація та реклама (Паблик-Рилейшнз)
_2UDC
999 _c373850
_d373850